| 000 | 00830nam a22002417a 4500 | ||
|---|---|---|---|
| 005 | 20250711094346.0 | ||
| 008 | 250711b |||||||| |||| 00| 0 eng d | ||
| 040 | _cAL | ||
| 041 | _aKonkani | ||
| 082 |
_a891.461 _bMAKP |
||
| 100 |
_aA S Makanadara: _9218126 |
||
| 100 |
_dಎ ಎಸ್ ಮಕಾನದಾರ _9218114 |
||
| 245 |
_aPyari padam _b: ಪ್ಯಾರಿ ಪದಾಂ |
||
| 260 |
_aPuttur _bWhite Oax Publications _c2025 |
||
| 300 |
_a104p. _bPB _c21x14cm |
||
| 365 |
_2Konkani _a001 _b₹180.00 _c₹ _d200.00 _e10% _f07-07-2025 |
||
| 650 |
_aKonkani Poetry _9218115 |
||
| 650 |
_aKonkani Literature _9218116 |
||
| 650 |
_aPyari Padya Tr Kannada to Konkani _9218127 |
||
| 700 |
_aAlbuquerque, Flavia Tr _9218117 |
||
| 700 |
_aಅಲ್ಬುಕರ್ಕ್ ಪ್ಲಾವಿಯಾ Tr _9218123 |
||
| 942 |
_2ddc _cBK |
||
| 999 |
_c234615 _d234615 |
||